Fundamentals of Symmetry and Group Theory With Application in Chemistry/ (Record no. 215935)

MARC details
000 -LEADER
fixed length control field 00608nam a22001937a 4500
005 - DATE AND TIME OF LATEST TRANSACTION
control field 20260417143608.0
010 ## - LCCN (DPL NO)
LC control number ENG-148317
020 ## - INTERNATIONAL STANDARD BOOK NUMBER
International Standard Book Number 9789354438790
Terms of availability 550.00
035 ## - SYSTEM CONTROL NUMBER
System control number EN-131849
037 ## - SOURCE OF ACQUISITION
Source of stock number/acquisition DBAD
082 ## - DEWEY DECIMAL CLASSIFICATION NUMBER
Classification number 540
Edition number 1
100 ## - MAIN ENTRY--PERSONAL NAME
Personal name Sujit Sankar Panja
245 ## - TITLE STATEMENT
Title Fundamentals of Symmetry and Group Theory With Application in Chemistry/
Statement of responsibility, etc Sujit Sankar Panja
250 ## - EDITION STATEMENT
Edition statement 1
260 ## - PUBLICATION, DISTRIBUTION, ETC. (IMPRINT)
Place of publication, distribution, etc Delhi
Name of publisher, distributor, etc PHI Learning
Date of publication, distribution, etc 2025
270 ## - ADDRESS
Address Rimjhim House, 111, Patparganj Industrial Estate,
City Delhi
Postal code 110092
300 ## - PHYSICAL DESCRIPTION
Extent 218p.:
Dimensions 24cm(pb)
Other physical details Index
942 ## - ADDED ENTRY ELEMENTS (KOHA)
Source of classification or shelving scheme Dewey Decimal Classification
Item type English Books
Classification part 540
Call number suffix PAN
Holdings
Withdrawn status Lost status Not for loan Collection code Home library Current library Date acquired Source of acquisition Cost, normal purchase price Full call number Barcode Copy number Cost, replacement price Koha item type
      Non-fiction Sarojini Nagar Sarojini Nagar 17/04/2026 Delivery of Books Act Division 550.00 540 PAN EN-131849 1 550.00 English Books

© Delhi Public Library
Hit Counter
free hit counter